UBT Library

Clinical problems, injuries, and complications of gynecologic surgery / (Record no. 43930)

000 -LEADER
fixed length control field 00690cam a2200229 a 4500
001 - CONTROL NUMBER
control field 2420951
005 - DATE AND TIME OF LATEST TRANSACTION
control field 20180302034041.0
008 - FIXED-LENGTH DATA ELEMENTS--GENERAL INFORMATION
fixed length control field 870227s1988 mdua b 001 0 eng c
010 ## - LIBRARY OF CONGRESS CONTROL NUMBER
LC control number 87006151
020 ## - INTERNATIONAL STANDARD BOOK NUMBER
International Standard Book Number 0683064967
040 ## - CATALOGING SOURCE
Original cataloging agency DNLM/DLC
Transcribing agency DLC
Modifying agency DLC
041 ## - LANGUAGE CODE
Language code of text/sound track or separate title eng
060 ## - NATIONAL LIBRARY OF MEDICINE CALL NUMBER
Classification number WP 660 C641
080 ## - UNIVERSAL DECIMAL CLASSIFICATION NUMBER
Universal Decimal Classification number 618.1059 NIC
082 00 - DEWEY DECIMAL CLASSIFICATION NUMBER
Classification number 618.1059 NIC
Edition number 19
100 ## - Rafti
Rafti 10
101 ## - Shkurtesa
Shkurtesa GJIN
245 00 - TITLE STATEMENT
Title Clinical problems, injuries, and complications of gynecologic surgery /
Statement of responsibility, etc edited by David H. Nichols, with the assistance of George W. Anderson.
504 ## - BIBLIOGRAPHY, ETC. NOTE
Bibliography, etc Includes bibliographies and index.
906 ## - LOCAL DATA ELEMENT F, LDF (RLIN)
a 7
b cbc
c orignew
d 1
e ocip
f 19
g y-gencatlg
942 ## - ADDED ENTRY ELEMENTS (KOHA)
Source of classification or shelving scheme
Item type Books
Holdings
Withdrawn status Lost status Source of classification or shelving scheme Damaged status Not for loan Collection code Permanent location Current location Shelving location Date acquired Total Checkouts Full call number Barcode Date last seen Price effective from Koha item type
          Koleksioni i përgjithshem UBT - Lipjan UBT - Lipjan Koleksioni i përgjithshem 03/02/2018   618.1059 NIC 002-3000296 03/02/2018 03/02/2018 Books
UBT Library © 2015-2024. All rights reserved University Education for Business and Technology